UBT Library

The individual, society, and health behavior (Record no. 42353)

000 -LEADER
fixed length control field 00549nam a22002051 4500
001 - CONTROL NUMBER
control field 2641417
005 - DATE AND TIME OF LATEST TRANSACTION
control field 20180213035848.0
008 - FIXED-LENGTH DATA ELEMENTS--GENERAL INFORMATION
fixed length control field 780412s1965 nyua b 000 0 eng
010 ## - LIBRARY OF CONGRESS CONTROL NUMBER
LC control number 65021057
040 ## - CATALOGING SOURCE
Original cataloging agency DLC
Transcribing agency ICU
Modifying agency DLC
041 ## - LANGUAGE CODE
Language code of text/sound track or separate title eng
080 ## - UNIVERSAL DECIMAL CLASSIFICATION NUMBER
Universal Decimal Classification number 614.019 KNU
082 00 - DEWEY DECIMAL CLASSIFICATION NUMBER
Classification number 614.019 KNU
100 1# - Rafti
Rafti 3
101 ## - Shkurtesa
Shkurtesa SHM
245 14 - TITLE STATEMENT
Title The individual, society, and health behavior
Statement of responsibility, etc [by] Andie L. Knutson.
504 ## - BIBLIOGRAPHY, ETC. NOTE
Bibliography, etc Includes bibliographical references.
906 ## - LOCAL DATA ELEMENT F, LDF (RLIN)
a 7
b cbc
c orignew
d u
e ocip
f 19
g y-gencatlg
942 ## - ADDED ENTRY ELEMENTS (KOHA)
Source of classification or shelving scheme
Item type Books
Holdings
Withdrawn status Lost status Source of classification or shelving scheme Damaged status Not for loan Collection code Permanent location Current location Shelving location Date acquired Total Checkouts Full call number Barcode Date last seen Price effective from Koha item type
          Koleksioni i përgjithshem UBT - Lipjan UBT - Lipjan Koleksioni i përgjithshem 02/13/2018   614.019 KNU 002-2998089 02/13/2018 02/13/2018 Books
UBT Library © 2015-2024. All rights reserved University Education for Business and Technology